Southville International School and Colleges
Your cart is empty.
  • Cart
  • Lists
    Public lists Eva Luna New books Lux_list list_1
    Your lists Log in to create your own lists
  • Log in to your account
  • Your cookies
  • Search history
Southville International School and Colleges
  • Advanced search
  • Recent comments
  • Most popular
  • Libraries

Log in to your account

Log in with GOOGLE


If you do not have an external account, but do have a local account, you can still log in:

  1. Home
  2. MARC view: Reviewer in auditing practice /
Normal view MARC view ISBD view

Reviewer in auditing practice / (Record no. 276692)

[ view plain ]
MARC details
000 -LEADER
fixed length control field 00566nam a2200181 4500
001 - CONTROL NUMBER
control field ocn9719039027
005 - DATE AND TIME OF LATEST TRANSACTION
control field 20141028101226.0
008 - FIXED-LENGTH DATA ELEMENTS--GENERAL INFORMATION
fixed length control field 990628s1996 xx eng
020 ## - INTERNATIONAL STANDARD BOOK NUMBER
International Standard Book Number 9719039027
050 00 - LIBRARY OF CONGRESS CALL NUMBER
Classification number HF5667
Item number .S26 1996
100 1# - MAIN ENTRY--PERSONAL NAME
Personal name Santos, Petronilo S.
245 10 - TITLE STATEMENT
Title Reviewer in auditing practice /
Statement of responsibility, etc Petronilo S. Santos, Gerardo S. Roque.
260 ## - PUBLICATION, DISTRIBUTION, ETC. (IMPRINT)
Place of publication, distribution, etc Malabon, Philippines :
Name of publisher, distributor, etc P. S. Santos,
Date of publication, distribution, etc c1996.
300 ## - PHYSICAL DESCRIPTION
Extent 462 pages ;
Dimensions 22 cm.
650 #0 - SUBJECT ADDED ENTRY--TOPICAL TERM
Topical term or geographic name as entry element Auditing
Form subdivision Examinations
-- Study guides.
700 1# - ADDED ENTRY--PERSONAL NAME
Personal name Roque, Gerardo S.
942 ## - ADDED ENTRY ELEMENTS (KOHA)
Source of classification or shelving scheme Library of Congress Classification
Koha item type Books
Call number prefix Filipininana
Holdings
Withdrawn status Lost status Source of classification or shelving scheme Damaged status Home library Current library Shelving location Date acquired Total Checkouts Full call number Barcode Date last seen Date checked out Price effective from Koha item type
    Library of Congress Classification   College Library College Library General Circulation Section 10/28/2014 2 HF 5681 .Sa237 1996 C2035 05/15/2018 06/22/2015 10/28/2014 Books

Reviewer in auditing practice /

APA

Santos P. S., Roque G. S., . (1996). Reviewer in auditing practice. Malabon, Philippines: P. S. Santos.

Chicago

Santos Petronilo S, Roque Gerardo S, . 1996. Reviewer in auditing practice. Malabon, Philippines: P. S. Santos.

Harvard

Santos P. S., Roque G. S., . (1996). Reviewer in auditing practice. Malabon, Philippines: P. S. Santos.

MLA

Santos Petronilo S, Roque Gerardo S, . Reviewer in auditing practice. Malabon, Philippines: P. S. Santos. 1996.

  • Place hold
  • Print
  • Cite
  • Add to your cart (remove)
  • Save record
    BIBTEX Dublin Core MARCXML MARC (non-Unicode/MARC-8) MARC (Unicode/UTF-8) MARC (Unicode/UTF-8, Standard) MODS (XML) RIS
  • More searches
    Search for this title in:
    Other Libraries (WorldCat) Other Databases (Google Scholar) Online Stores (Bookfinder.com) Open Library (openlibrary.org)

Exporting to Dublin Core...

SOUTHVILLE LIBRARY

Southville International School and Colleges Library

1281 Tropical Ave. Cor. Luxembourg St., BF Homes International, Las Pinas City

Tel. No. 8256374 / 252358 Loc. 117/146

Powered by Koha